The JetPunk Quiz - Statistics

General Stats
  • This quiz has been taken 36 times
    19 since last reset
  • The average score is 10 of 23
Answer Stats
Hint Answer % Correct
Type of Animal in the Logo Fish
94%
Name of this site JetPunk
94%
Color of Animal in the Logo Green/Yellow
89%
Main 8 languages JetPunk is offered in English
67%
Main 8 languages JetPunk is offered in Español
67%
Main 9 languages JetPunk is offered in Français
67%
Most taken quiz. Countries of the World
61%
Main 9 languages JetPunk is offered in Deutsch
56%
Year of Creation 2008
50%
Main 8 languages JetPunk is offered in Italiano
50%
Username of one of the creators and main maker of quizzes Quizmaster
50%
Main 8 languages JetPunk is offered in Português
44%
Name of Animal in the Logo Jeppy
33%
Paid Version of Jetpunk JetPunk Premium
33%
Main 8 languages JetPunk is offered in Nederlands
33%
Way in which a user can recommend a quiz to be featured Nomination
28%
Main 9 languages JetPunk is offered in Suomi
22%
Creator's cities Ann Arbor/Seattle
17%
Real Name of one of the people who made the site, main maker of quizzes Dan Hostetler
11%
The company which made this site H Brothers Inc
11%
Highest Total User Level achieved so far 148
6%
Above's brother and site's co-creator John Hostetler
6%
Main 9 languages JetPunk is offered in Polski
6%
No matching quizzes found
Score Distribution
Percent of People with Each Score
Percentile by Number Answered
Your Score History
You have not taken this quiz since the last reset